000 02539pam a2200637 cc4500
001 1129797309
003 DE-101
005 20250527121300.0
007 tu
008 170412s2017 gw ||||| |||| 00||||ger
015 _a17,A42
_z17,N16
_2dnb
016 7 _2DE-101
_a1129797309
020 _a9783770496341
_cBroschur : EUR 7.50 (DE), EUR 7.80 (AT), CHF 10.50 (freier Preis)
020 _a3770496345
024 3 _a9783770496341
028 5 2 _aBestellnummer: 375/49634
035 _a(DE-599)DNB1129797309
035 _a(OCoLC)983787236
040 _a1145
_bger
_cDE-101
_d1247
_erda
041 _ager
_hjpn
044 _cXA-DE
082 7 4 _a741.5
_qDE-101
_223sdnb
100 1 _0(DE-588)139372415
_0https://d-nb.info/gnd/139372415
_0(DE-101)139372415
_aShinkai, Makoto
_d1973-
_eVerfasser
_4aut
_2gnd
245 1 0 _aYour name.
_n1
_cAutor: Makoto Shinkai ; Art: Ranmaru Kotone
250 _aDeutschsprachige Ausgabe, 1. Auflage
264 3 1 _aBerlin
_bEgmont Manga
_c2017
300 _a1 Band (nicht paginiert)
_c18 cm
336 _aunbewegtes Bild
_bsti
_2rdacontent
336 _aText
_btxt
_2rdacontent
337 _aohne Hilfsmittel zu benutzen
_bn
_2rdamedia
338 _aBand
_bnc
_2rdacarrier
653 _a(Produktform)Paperback / softback
653 _aManga
653 _aAnime
653 _aJapan
653 _aTokio
653 _aTokyo
653 _aBergdorf
653 _aKomet
653 _aRomanze
653 _aLiebe
653 _aRomance
653 _a(DDB-Sachgruppen)08: Comics, Cartoons, Karikaturen
653 _a(Produktgruppe)00004: Egmont Manga
653 _a(VLB-WN)2182: Taschenbuch / Belletristik/Comic, Cartoon, Humor, Satire/Manga, Manhwa
655 7 _0(DE-588)4010427-8
_0https://d-nb.info/gnd/4010427-8
_0(DE-101)040104273
_aComic
_2gnd-content
700 1 _81\p
_0(DE-588)1325267120
_0https://d-nb.info/gnd/1325267120
_0(DE-101)1325267120
_aPeter, Claudia
_d1941-
_eÜbersetzer
_4trl
_2gnd
710 2 _82\p
_0(DE-588)1065555091
_0https://d-nb.info/gnd/1065555091
_0(DE-101)1065555091
_aEMA - Egmont Manga und Anime
_eVerlag
_4pbl
_2gnd
773 0 8 _q11
_w(DE-101)1141181320
776 0 8 _iErscheint auch als
_z9783770496457
856 4 2 _mX:MVB
_qtext/html
_uhttp://deposit.dnb.de/cgi-bin/dokserv?id=599e54f7c52b40b18231b85366e93a91&prov=M&dok_var=1&dok_ext=htm
_3Inhaltstext
883 2 _81\p
_adnb
_d20240404
_qDE-101
_uhttps://d-nb.info/provenance/plan#dnb
883 1 _82\p
_aadb
_d20211003
_qDE-101
_uhttps://d-nb.info/provenance/plan#adb
942 _2ddc
_cMGA
_n0
999 _c1270
_d1270